书目信息 |
| 题名: |
环境修复绿化植物
|
|
| 作者: | 张庆费 , 郑思俊 , 夏檑 主编 | |
| 分册: | ||
| 出版信息: | 北京 化学工业出版社 2009 |
|
| 页数: | 93页 | |
| 开本: | 24cm | |
| 丛书名: | ||
| 单 册: | ||
| 中图分类: | S731 , X5 | |
| 科图分类: | ||
| 主题词: | 绿化种植--作用--环境污染--污染防治 , 绿化种植 , 环境污染 , 污染防治 | |
| 电子资源: | ||
| ISBN: | 978-7-122-04902-5 | |
| 000 | 01054nam0 2200313 45 | |
| 001 | 1033076531 | |
| 005 | 20100407164800.06 | |
| 010 | @a978-7-122-04902-5@dCNY39.00 | |
| 100 | @a20100401d2009 em y0chiy50 ea | |
| 101 | 0 | @achi |
| 102 | @aCN@b110000 | |
| 105 | @aa z 001yy | |
| 106 | @ar | |
| 200 | 1 | @a环境修复绿化植物@AHuan Jing Xiu Fu Lu^ Hua Zhi Wu@f张庆费,郑思俊,夏檑主编@FZhang Qing Fei, Zheng Si Jun, Xia Lei Zhu Bian |
| 210 | @a北京@c化学工业出版社@d2009 | |
| 215 | @a93页@c图@d24cm | |
| 320 | @a有索引(90页-93页) | |
| 330 | @a本书介绍了环境污染的类型与现状及植物对环境的修复原理,着重介绍了76种环境修复植物的形态特征、生长习性、修复作用与效果、绿化用途及栽培繁殖方法。 | |
| 606 | 0 | @a绿化种植@x作用@x环境污染@x污染防治 |
| 606 | 0 | @a绿化种植 |
| 606 | 0 | @a环境污染 |
| 606 | 0 | @a污染防治 |
| 690 | @aS731@v4 | |
| 690 | @aX5@v4 | |
| 701 | 0 | @a张庆费@AZhang Qing Fei@4主编 |
| 701 | 0 | @a郑思俊@AZheng Si Jun@4主编 |
| 701 | 0 | @a夏檑@AXia Lei@4主编 |
| 801 | 0 | @aCN@bTANGWEI@c20100407 |
| 905 | @b0588153-57@dS731@e45@f5 | |
| 环境修复绿化植物/张庆费,郑思俊,夏檑主编.-北京:化学工业出版社,2009 |
| 93页:图;24cm |
| ISBN 978-7-122-04902-5:CNY39.00 |
| 本书介绍了环境污染的类型与现状及植物对环境的修复原理,着重介绍了76种环境修复植物的形态特征、生长习性、修复作用与效果、绿化用途及栽培繁殖方法。 |
| ● |
| 相关链接 |
|
|
|
|
正题名:环境修复绿化植物
索取号:S731/45
 
预约/预借
| 序号 | 登录号 | 条形码 | 馆藏地/架位号 | 状态 | 备注 |
| 1 | 0588153 | 205881535 | 第二样本阅览室/ [索取号:S731/45] | 在馆 | |
| 2 | 0588154 | 205881544 | 第三借阅区/ [索取号:S731/45] | 在馆 | |
| 3 | 0588155 | 205881553 | 第三借阅区/ [索取号:S731/45] | 在馆 | |
| 4 | 0588156 | 205881562 | 第三借阅区/ [索取号:S731/45] | 在馆 | |
| 5 | 0588157 | 205881571 | 第三借阅区/ [索取号:S731/45] | 在馆 |